3rd Name in the Franchise Quiz Stats

 Plays Quiz Updated Nov 23, 2018

     
Support Sporcle.
Go Orange.
Score 0/30 Timer 07:00
1 Play Today
Series Part III % Correct
The Lord of the RingsThe Lord of the Rings: The Return of the King
81%
Star WarsReturn of the Jedi [Episode VI]
72.7%
Austin PowersAustin Powers in Goldmember
67.5%
The MatrixThe Matrix Revolutions
66.5%
Harry PotterHarry Potter and the Prisoner of Azkaban
66.3%
Pirates of the CaribbeanPirates of the Caribbean: At World's End
64.4%
The Bourne Identity (Jason Bourne)The Bourne Ultimatum
63.8%
Indiana JonesIndiana Jones and the Last Crusade
63.3%
ShrekShrek the Third
59.5%
The Fast and the FuriousThe Fast and the Furious: Tokyo Drift
58.2%
BatmanBatman Forever
52.1%
Die HardDie Hard With a Vengeance
46.4%
The TerminatorTerminator 3: Rise of the Machines
44.6%
X-MenX-Men: The Last Stand
43.3%
National Lampoon's VacationNational Lampoon's Christmas Vacation
41.7%
Series Part III % Correct
James BondGoldfinger
37.3%
Mad MaxMad Max Beyond Thunderdome
36.5%
Ice AgeIce Age: Dawn of the Dinosaurs
30%
The MummyThe Mummy: Tomb of the Dragon Emperor
29.5%
Look Who's TalkingLook Who's Talking Now
28.6%
UnderworldUnderworld: Rise of the Lycans
28.2%
Star TrekStar Trek III: The Search for Spock
26.5%
The Hunt for Red October (Jack Ryan)Clear and Present Danger
21.7%
The MuppetsThe Muppets Take Manhattan
20.5%
Evil DeadArmy of Darkness
20.1%
A Nightmare on Elm StreetA Nightmare on Elm Street 3: Dream Warriors
11.7%
HalloweenHalloween III: Season of the Witch
9.6%
Dirty HarryThe Enforcer
5.5%
Police AcademyPolice Academy 3: Back in Training
5.2%
The OmenOmen III: The Final Conflict
3.2%

From the Vault

Multi-Category Minefield Blitz: Sports

by Thebiguglyalien

Sports 60s
Everyone should have a sporting chance at this.
Remove Ads.
Support Sporcle.
Get the best of Sporcle when you Go Orange. This ad-free experience offers more features, more stats, and more fun while also helping to support Sporcle. Thank you for becoming a member.

Show Comments

Extras

Top Quizzes Today


Score Distribution

Your Account Isn't Verified!

In order to create a playlist on Sporcle, you need to verify the email address you used during registration. Go to your Sporcle Settings to finish the process.

Report this User

Report this user for behavior that violates our Community Guidelines.

Details: